MARC details
| 000 -LEADER |
| campo de control de longitud fija |
01673nam a2200433 i 4500 |
| 001 - NÚMERO DE CONTROL |
| campo de control |
193010 |
| 003 - IDENTIFICADOR DE NÚMERO DE CONTROL |
| campo de control |
SpMaBN |
| 005 - FECHA Y HORA DE LA ÚLTIMA TRANSACCIÓN |
| campo de control |
20240524183403.0 |
| 007 - CAMPO FIJO DE DESCRIPCIÓN FÍSICA--INFORMACIÓN GENERAL |
| campo de control de longitud fija |
ta |
| 008 - DATOS DE LONGITUD FIJA--INFORMACIÓN GENERAL |
| campo de control de longitud fija |
230722s2015 sp a | |||| 001 0dspa |
| 017 ## - NÚMERO DE COPYRIGHT O DE DEPÓSITO LEGAL |
| Número de copyright o de depósito legal |
ZA 222-2015 |
| Agencia que asigna |
Oficina Depósito Legal Zamora |
| 020 ## - NÚMERO INTERNACIONAL ESTÁNDAR DEL LIBRO |
| Número Internacional Estándar del Libro |
9788493985196 |
| 035 ## - NÚMERO DE CONTROL DEL SISTEMA |
| Número de control de sistema |
(OCoLC)948791422 |
| 035 ## - NÚMERO DE CONTROL DEL SISTEMA |
| Número de control de sistema |
a5784622 |
| 040 ## - FUENTE DE CATALOGACIÓN |
| Centro catalogador/agencia de origen |
SpMaBN |
| Lengua de catalogación |
spa |
| Centro/agencia transcriptor |
SpMaBN |
| Normas de descripción |
rdc |
| Centro/agencia modificador |
ES-MaACL |
| 080 ## - NÚMERO DE LA CLASIFICACIÓN DECIMAL UNIVERSAL |
| Número de la Clasificación Decimal Universal |
929 Gómez Canedo, Lino |
| 080 ## - NÚMERO DE LA CLASIFICACIÓN DECIMAL UNIVERSAL |
| Número de la Clasificación Decimal Universal |
908(866.132) |
| 100 1# - ENTRADA PRINCIPAL--NOMBRE DE PERSONA |
| Nombre de persona |
Gómez Canedo, Lino, |
| Fechas asociadas al nombre |
1908-1990 |
| Número de control del registro de autoridad o número normalizado |
XX926682 |
| 9 (RLIN) |
57855 |
| Término indicativo de función/relación |
Autor |
| 245 10 - MENCIÓN DEL TÍTULO |
| Título |
Quito en el corazón : |
| Resto del título |
contactos físicos, culturales y afectivos con Ecuador / |
| Mención de responsabilidad, etc. |
Lino Gómez Canedo ; recopilación de textos, edición y notas de José Luis Soto Pérez. |
| 260 ## - PUBLICACIÓN, DISTRIBUCIÓN, ETC. |
| Lugar de publicación, distribución, etc. |
Santiago de Compostela : |
| Nombre del editor, distribuidor, etc. |
Orden de Frailes Menores, |
| Fecha de publicación, distribución, etc. |
2015. |
| 300 ## - DESCRIPCIÓN FÍSICA |
| Extensión |
467 páginas : |
| Otras características físicas |
ilustraciones (blanco y negro) ; |
| Dimensiones |
24 cm |
| 336 ## - TIPO DE CONTENIDO |
| Término de tipo de contenido |
Texto (visual) |
| Fuente |
isbdcontent |
| 337 ## - TIPO DE MEDIO |
| Nombre/término del tipo de medio |
sin mediación |
| Fuente |
isbdmedia |
| 338 ## - TIPO DE SOPORTE |
| Fuente |
rdacarrier |
| Nombre/término del tipo de soporte |
volumen |
| 490 1# - MENCIÓN DE SERIE |
| Mención de serie |
Erudición y conventualidad ; |
| Designación de volumen o secuencia |
2 |
| 500 ## - NOTA GENERAL |
| Nota general |
Índices |
| 504 ## - NOTA DE BIBLIOGRAFÍA, ETC. |
| Nota de bibliografía, etc. |
Bibliografía: páginas 403-409 |
| 546 ## - NOTA DE IDIOMA |
| Nota de lengua/lenguaje |
Textos en español e inglés |
| 600 14 - PUNTO DE ACCESO ADICIONAL DE MATERIA--NOMBRE DE PERSONA |
| Nombre de persona |
Gómez Canedo, Lino, |
| Fechas asociadas al nombre |
1908-1990 |
| Fuente del encabezamiento o término |
embne |
| 9 (RLIN) |
57855 |
| 651 #0 - PUNTO DE ACCESO ADICIONAL DE MATERIA--NOMBRE GEOGRÁFICO |
| Nombre geográfico |
Quito (Ecuador)- |
| Subdivisión general |
Descripción |
| 9 (RLIN) |
236671 |
| 700 1# - ENTRADA AGREGADA--NOMBRE PERSONAL |
| Nombre de persona |
Soto Pérez, José Luis |
| 9 (RLIN) |
166658 |
| Término indicativo de función/relación |
Editor literario |
| 830 ## - PUNTO DE ACCESO ADICIONAL DE SERIE-TÍTULO UNIFORME |
| 9 (RLIN) |
225761 |
| Título uniforme |
Erudición y conventualidad ; |
| Designación de volumen o secuencia |
2 |
| 852 ## - LOCALIZACIÓN |
| Ubicación |
ES-MaACL |
| Sublocalización o colección |
R.152765 |
| Ubicación en estantería |
Depósito J |
| Número de control de estantería |
N-8504 |
| Donativo/Legado |
Donación: José Luis Soto Pérez |
| itemnumber |
200316 |
| 903 ## - NOMBRE PERSONAL DE DONANTE |
| 9 |
166658 |
| a |
Soto Pérez, José Luis |
| e |
Donante |
| 942 ## - ELEMENTOS DE ENTRADA SECUNDARIOS (KOHA) |
| Suprimir en OPAC |
No |
| Tipo de ítem Koha |
Libro impreso |